A handbook in bioethics / (Record no. 14168)
[ view plain ]
| 000 -LEADER | |
|---|---|
| fixed length control field | 00513nam a22001817a 4500 |
| 003 - CONTROL NUMBER IDENTIFIER | |
| control field | OSt |
| 005 - DATE AND TIME OF LATEST TRANSACTION | |
| control field | 20140310182534.0 |
| 008 - FIXED-LENGTH DATA ELEMENTS--GENERAL INFORMATION | |
| fixed length control field | 130927t xxu||||| |||| 00| 0 eng d |
| 020 ## - INTERNATIONAL STANDARD BOOK NUMBER | |
| International Standard Book Number | 9715693296 |
| 050 ## - LIBRARY OF CONGRESS CALL NUMBER | |
| Classification number | QH 332 |
| Item number | .Al454 2004 |
| 100 ## - MAIN ENTRY--PERSONAL NAME | |
| Personal name | Alora, Rosario Angeles Tan |
| 9 (RLIN) | 21881 |
| 245 ## - TITLE STATEMENT | |
| Title | A handbook in bioethics / |
| Statement of responsibility, etc | Rosario Angeles Tan Alora. |
| 260 ## - PUBLICATION, DISTRIBUTION, ETC. (IMPRINT) | |
| Place of publication, distribution, etc | Philippines : |
| Name of publisher, distributor, etc | Bookmark, Inc. |
| Date of publication, distribution, etc | c2004. |
| 300 ## - PHYSICAL DESCRIPTION | |
| Extent | vii. 128 p. : |
| Dimensions | 19 cm. |
| 651 ## - SUBJECT ADDED ENTRY--GEOGRAPHIC NAME | |
| Geographic name | Bioethics |
| 9 (RLIN) | 21882 |
| 942 ## - ADDED ENTRY ELEMENTS (KOHA) | |
| Source of classification or shelving scheme | Library of Congress Classification |
| Koha item type | |
| Withdrawn status | Lost status | Source of classification or shelving scheme | Damaged status | Home library | Current library | Shelving location | Date acquired | Total Checkouts | Full call number | Barcode | Date last seen | Date checked out | Copy number | Price effective from | Koha item type |
|---|---|---|---|---|---|---|---|---|---|---|---|---|---|---|---|
| Library of Congress Classification | South SEED-LPDH College Library | South SEED-LPDH College Library | South SEED-LPDH College Section | 09/27/2013 | 1 | QH 332 .Al454 2004 | SSLC0640 | 06/05/2017 | 05/29/2017 | 1 | 09/27/2013 | Books |